000 01445ncm0a22003611 4500
001 RU\NLR\ONIZ\212832
005 20250624195810.0
035 _aRU\NLR\ONIZ\GALA\5000025857\20151019140550
035 _a(NLR Aleph) 010892326
071 2 0 _a012
090 _a10561085
_c10561085
100 _a20151019d2001 |||y0rusy50 ca
101 0 _arus
102 _aRU
125 _aax
200 1 _aПоэма
_bНоты
_eдля скрипки и фп.
_fГ. Окунев
_gпредисл. С. Сигитова
210 _aСанкт-Петербург
_cКомпозитор - Санкт-Петербург
_d2001
215 _a20 с., 1 парт. (8 с.)
_d29 см
300 _aПарал. рус., англ.
606 1 _aПоэмы для скрипки и фортепиано
_yРоссия
_z20-21 вв.
_jНоты
_2nlr_sh
686 _aЩ955.4-42-051(2Р=Рус)
_vLBC/SL
_2rubbk
700 1 _9z01790
_aОкунев
_bГ.Г.
_f1931-1973
_gГерман Григорьевич
_4230
702 1 _9z02790
_aСигитов
_bС. М.
_f1940-
_gСергей Михайлович
_4080
790 1 _9z01700
_aOkunev
_bG.G.
_f1931-1973
_gGerman Grigorievich
_4230
790 1 _9z02702
_aSigitov
_bS. M.
_f1940-
_gSergey Mikhaylovich
_4080
801 0 _aRU
_bNLR
_c20151019
_gPSBO
801 1 _aRU
_bNLR
_c20151019
_2rusmarc
801 2 _aRU
_bNLR
_c20161213
852 _aNLR
_bМ
_jК-3/27489
_p257237
_t1
942 _cSCORE
980 _aNB
980 _aONIZ